Exposición dirigida al Excmo. Señor Ministro de la Gobernación por acuerdo de la Junta Directiva de la Caja de Ahorros de Madrid a consecuencia del oficio de 3 de mayo de 1869. (Record no. 190110)

MARC details
000 -LEADER
campo de control de longitud fija 00589nam a2200145 i 4500
001 - NÚMERO DE CONTROL
campo de control 190110
003 - IDENTIFICADOR DE NÚMERO DE CONTROL
campo de control ES-MaACL
005 - FECHA Y HORA DE LA ÚLTIMA TRANSACCIÓN
campo de control 20230906223638.0
008 - DATOS DE LONGITUD FIJA--INFORMACIÓN GENERAL
campo de control de longitud fija 200729s1869 sp |||| | spa d
110 2# - ENTRADA PRINCIPAL--NOMBRE DE ENTIDAD CORPORATIVA
Nombre de entidad corporativa o nombre de jurisdicción como elemento de entrada Caja de Ahorros de Madrid.
9 (RLIN) 2287
245 10 - MENCIÓN DEL TÍTULO
Título Exposición dirigida al Excmo. Señor Ministro de la Gobernación por acuerdo de la Junta Directiva de la Caja de Ahorros de Madrid a consecuencia del oficio de 3 de mayo de 1869.
260 ## - PUBLICACIÓN, DISTRIBUCIÓN, ETC.
Lugar de publicación, distribución, etc. Madrid :
Nombre del editor, distribuidor, etc. [s.n.],
Fecha de publicación, distribución, etc. 1869 (
Fabricante Imp. del Colegio Nacional de Sordomudos y de Ciegos)
300 ## - DESCRIPCIÓN FÍSICA
Extensión 15 p. ;
Dimensiones 21cm.
852 4# - LOCALIZACIÓN
Ubicación ES-MaACL
Número de control de estantería T-91-F-2
Holdings
Estatus retirado Estado de pérdida Estado de daño No para préstamo Colección Biblioteca de origen Biblioteca actual Ubicación en estantería Fecha de adquisición Fuente de adquisición Total de préstamos Signatura topográfica completa Código de barras Visto por última vez Precio de reemplazo Tipo de ítem Koha
        Colección de folletos Biblioteca del Ateneo de Madrid Biblioteca del Ateneo de Madrid Depósito folletos 02/04/2005     T-91-F-2 1201800 23/02/2023 23/02/2023 Folleto